Datum a čas kvízu
19
Celkem bodů
Celkový počet nahraných bodů na tomto kvízu bez doplňovacích otázek.
7.
Pořadí na kvízu
Konečné umístění týmu na tomto kvízu.
Zaznamenané odpovědi
| # | Otázka | Odpověď | Body | Výsledky |
|---|---|---|---|---|
| 1. | Který politik obdržel minulý t... | Tomio Okamura | 1 | |
| 2. | Že USA společně s Izraelem zaú... | C | 1 | |
| 3. | Minulý týden jsme se dozvěděli... | Yungblud | 1 | |
| 4. | V pátek byla oznámena fúze dvo... | Paramount (Skydance), Warner Bros. (Discovery) | 0.5 | |
| 5. | Ze kterých měst pocházejí týmy... | Mladá Boleslav, Praha | 0.5 | |
| 6. | Název „Pyrenejský poloostrov“... | Iberský poloostrov | 0 | |
| 7. | Vyberte správné tvrzení týkají... | A | 1 | |
| 8. | Červeně vyznačená oblast na se... | Baskicko, Bilbao | 0.5 | |
| 9. | Jak se jmenuje portugalský mys... | C | 0 | |
| 10. | Poslední otázka se týká města... | Porto | 1 |